000
00307nam a22001337a 4500
020
_a
0-471-29607-4
082
_a
531.12 GIN'S
100
_a
GENIN, JOSEPH,GINSBERY, JERRY H
_9
73928
245
_a
STATICS
260
_a
NEWYORK
_b
JOHN WILEY
_c
1977
300
_a
439P
650
_a
STATICS
_9
1020
942
_c
BK
999
_c
579540
_d
579540